000 01008nam a22003137a 4500
001 BR2014001187
003 BR-BrBNA
005 20230928104357.0
007 ta
008 230509b bl.||||| |||| 00| 0 por d
040 _aBR-BrBNA
_bpor
_cBiblioteca Nacional de Agricultura
041 _a(Por)
072 _aQ03; U10
_b9924
090 _ 9924 BR2014001187
100 1 _aTeixeira, M. de C.
110 1 _aUniversidade Federal de Lavras, MG (Brasil)
_0Tese (Mestrado)
245 1 _aDesenvolvimento de um método analítico utilizando eletrodo de pasta de carbono modificado com nanotubos de carbono para quantificação de arsênio em cachaças
260 3 _aLavras, MG (Brasil):
_c2013.
300 _a72 p.
500 _aSummaries (Eng, Por); Several bibliography; 10 illus.
650 _aCACHAÇA
650 _aARSÊNICO
650 _aCARBONO
650 _aCONTAMINAÇÃO
650 _aANÁLISE QUANTITATIVA
650 _aMÉTODO
909 _a202309
_bLucia
_c55
_dLucia Elande
942 _cBK
999 _c79581
_d79581